Errate das deutsche Wort – nur anhand der Emojis! - Statistiken

Allgemein
  • Dieses Quiz wurde 138 mal gespielt
  • Das Durchschnittsergebnis liegt bei 7 aus 15
Antwortstatistiken
Hint Antwort % Korrekt
☀️ + 🕶️ Sonnenbrille
96%
🌧️ + ☂️ Regenschirm
79%
❤️ + 🤕 Herzschmerz
76%
🏡 + 👞 Hausschuh
72%
🚗 + 🛣️ Autobahn
70%
⚽️ + 👟 Fußballschuhe
59%
🐭 + 🏠 Maushaus
48%
⌚️ + 🗼 Uhrturm
42%
🍃 + 📄 Blattpapier
39%
⭐️ + 💡 Sternlicht
34%
🐟 + 🍢 Fischstäbchen
21%
✈️ + ⚓️ Flughafen
21%
📚 + 🎒 Schultasche
15%
📱 + 📦 Handyhülle
8%
☝️ + 🎩 Fingerspitzengefühl
1%
Keine übereinstimmenden Quizze gefunden
Verteilung der Resultate
Anzahl Personen mit jedem Resultat
Perzentil nach korrekt beantworteten Fragen
Ihre Resultats-Entwicklung
Sie haben dieses Quiz noch nicht gespielt